=LDR 00000nam 2200000 4500 =001 INLIS000000000024653 =005 20201221095712 =035 ##$$a 0010-061300000024653 =008 201221################g##########0#ind## =041 ##$$a Ind =082 ##$$a 304.23 =090 ##$$a 304.23, Sas l =100 ##$$a Sastroutomo, Soetikno S =245 1#$$a Ekologi gulma, /$c Soetikno S. Sastroutomo =260 ##$$a Jakarta :$b Gramedia,$c 1990 =300 ##$$a ix, 217 hlm ; $c 23 x 17 cm =650 #4$$a Ekologi =850 ##$$a NBPNMAT =020 ##$$a 979-511-024-1 =084 ##$$a 304.23 SAS e =500 ##$$a Indeks: halaman 209-216 =504 ##$$a Bibliografi: halaman 201-207 =990 ##$$a 36.644/pb.90